|
|
|
|
| LEADER |
00000nam a2200000Ii 4500 |
| 001 |
DIGVIETO244 |
| 003 |
NyNyDIG |
| 006 |
m o d |
| 007 |
cr ||||||||||| |
| 008 |
220628s2015 sp a o 000 0 spa d |
| 035 |
|
|
|a (OCoLC)1335132737
|
| 040 |
|
|
|a DGITA
|b eng
|e rda
|e pn
|c DGITA
|
| 020 |
|
|
|z 9788416288458
|
| 041 |
1 |
|
|a spa
|h eng
|
| 043 |
|
|
|a a-is---
|a awba---
|a awgz---
|
| 050 |
1 |
4 |
|a DS119.76 ebook
|
| 082 |
0 |
4 |
|a 956.054
|
| 240 |
1 |
0 |
|a Our harsh logic.
|l Spanish
|s (Pérez Pérez)
|
| 245 |
0 |
3 |
|a El libro negro de la ocupación :
|b testimonios de soldados israelíes en los territorios ocupados, 2000-2010 /
|c compilados por Breaking the Silence ; traducción de Esther Pérez.
|
| 246 |
3 |
0 |
|a Testimonios de soldados israelíes en los territorios ocupados
|
| 264 |
|
1 |
|a [Vilassar de Dalt, Barcelona] :
|b El Viejo Topo,
|c [2015]
|
| 300 |
|
|
|a 1 online resource :
|b illustrations.
|
| 336 |
|
|
|a text
|b txt
|2 rdacontent
|
| 337 |
|
|
|a computer
|b c
|2 rdamedia
|
| 338 |
|
|
|a online resource
|b cr
|2 rdacarrier
|
| 347 |
|
|
|a text file
|2 rdaft
|
| 347 |
|
|
|b PDF
|
| 588 |
0 |
|
|a Online resource; title from PDF title page (Digitalia, viewed June 28, 2022)
|
| 650 |
|
0 |
|a Palestinian Arabs
|x Civil rights.
|
| 650 |
|
0 |
|a Palestinian Arabs
|x Crimes against.
|
| 650 |
|
0 |
|a Palestinian Arabs
|x Government policy
|z Israel.
|
| 650 |
|
0 |
|a Palestinian Arabs
|x Social conditions
|y 21st century.
|
| 650 |
|
0 |
|a Soldiers
|z Israel
|v Anecdotes.
|
| 655 |
|
0 |
|a Electronic books.
|
| 700 |
1 |
|
|a Pérez Pérez, Esther,
|e translator.
|
| 700 |
1 |
|
|i Translation of:
|t Our harsh logic.
|
| 710 |
2 |
|
|a Shovrim shetiḳah (Organization : Israel),
|e compiler.
|
| 791 |
2 |
|
|a Digitalia (Firm),
|e distributor.
|
| 793 |
0 |
|
|g Digitalia eBook Collection:
|a El Viejo Topo
|
| 776 |
0 |
8 |
|i Print version:
|s Our harsh logic. Spanish (Pérez Pérez).
|t Libro negro de la ocupación.
|d [Vilassar de Dalt, Barcelona] : El Viejo Topo, [2015]
|z 9788416288458
|
| 856 |
4 |
0 |
|3 Digitalia Hispánica
|u https://www.digitaliapublishing.com/a/57650/
|
| 910 |
|
|
|a Premium collection: 2022
|